| 000 | 00587nam a2200169 a 4500 | ||
|---|---|---|---|
| 008 | 120416s1982 ||||||||||||||||| || u | ||
| 050 | _aHD 9685 Pur | ||
| 100 | _aPuri, Deepak | ||
| 245 | 1 | 0 | _aElectrical and electronic goods industries |
| 250 | _a2nd rev. & | ||
| 260 |
_aDelhi _bSmall Industry Research Institute _c1982 |
||
| 350 | _a0.00 | ||
| 650 | _aINDUSTRY | ||
| 650 | _aELECTRIC ENGINEERING | ||
| 650 | _aELECTRIC INDUSTRIES | ||
| 995 |
_D0.00 _FCBU-MAIN LIBRARY (Kitwe) _H1 _I15.00 _M1 _UDAMAGED _ZMain Library Open Access Collection |
||
| 999 |
_c41439 _d41439 |
||